| 000 | 00401nam a2200133Ia 4500 | ||
|---|---|---|---|
| 008 | 191213s9999 xx 000 0 und d | ||
| 020 | _a9786075383156 | ||
| 100 | 1 | _aMIRANDA COLORADO, Roger | |
| 245 | 1 | _aDRONES - Modelado y control de cuadrotores | |
| 260 | 0 | 0 | _a2018 |
| 650 | 0 | 0 | _bCiencia y tecnologĂa |
| 250 | _a1 | ||
| 856 | 0 | 0 | _ahttps://uachapingo.bibliotecasdigitales.com/read/9786075383156/index |
| 999 |
_c218021 _d218021 |
||